| 000 | 00350nam a2200109Ia 4500 | ||
|---|---|---|---|
| 008 | 171204s9999 xx 000 0 und d | ||
| 245 | _aCloud Computing and Electronic Discovery: | ||
| 245 | _cHarry Cendrowski and James P. Martin | ||
| 260 | _c2014 | ||
| 650 | _xEMERGING TRENDS IN COMPUTING | ||
| 856 | _uhttp://down.ebook777.com/017/9781118764305.pdf | ||
| 999 |
_c347151 _d347151 |
||